QCM Pokémon - Culture générale - Statistiques

Statistiques générales
  • Ce quiz a été pris 117 fois
  • Le résultat moyen est 7 sur 14
Statistiques - réponses
Question Réponse % Correct
Certaines personnes croient que l'extrémité de la queue de Pikachu est noire. Comment s'appelle ce phénomène ? Effet Mandela
87%
Iris est une superbe dresseuse spécialisée dans le type Dragon. Néanmoins, lorsqu'on l'affronte dans Noir 2 / Blanc 2, elle possède 3 Pokémon n'ayant pas le type dragon. Qui sont ils ? Aéroptéryx Lokhlass Galeking
67%
En ne comptant que les routes et chenaux numérotés, quelle région comporte le plus de routes et chenaux cumulés ? Hoenn
67%
Quel est le premier jeu de la série principale à être sorti le même jour dans le monde entier ? Pokémon X et Y
67%
Combien d'épisodes de la saison 1 de Pokémon ont été censurés en France ? 3
60%
Si vous vous trouvez à Mérouville (Hoenn) et que vous quittez la ville par le nord, dans quelle ville vous trouverez-vous à terme ? Autéquia
60%
Qu'est-ce qui augmentait considérablement la consommation de la batterie de la DS ? Le C-Gear
60%
Dans Pokémon X/Y, après avoir battu la ligue Pokémon le joueur obtient l'accès à la ville de Batisques grâce au train. De quelle ville française cette dernière s'inspire t-elle ? Lyon
47%
Quelle est la catégorie de Mew ? Pokémon Nouveau
47%
Quel âge a Aurore dans les jeux Diamant, Perle et Platine ainsi que dans l'anime ? 10
40%
Laquelle de ces générations ne possèdent aucun Pokémon pouvant méga-évoluer ? Aucune de ces réponses
40%
Laquelle de ces affirmations est vraie ? Zarbi ne peut posséder que le talent Lévitation
40%
Dans Pokémon GO, par combien sont multipliés les dégâts infligés par une attaque super efficace ? 1.6
27%
Lorsque des Pokémons évoluent, certains gagnent un nouveau type. Quel est le type le plus obtenu par évolution ? Acier
13%
Aucun quiz correspondant
Distribution des résultats
% des personnes avec chaque résultat
Percentile par nombre de réponses
Votre historique - résultats
Vous n’avez pas pris ce quiz